|
|
|
|
| LEADER |
00000nab a2200000 a 4500 |
| 001 |
vtls000736733 |
| 003 |
SK-MaSNL |
| 005 |
20260302193149.0 |
| 008 |
180206c2000 xo 0 slo |
| 015 |
|
|
|a SNBRB2000/11-27510
|
| 035 |
|
|
|a CLN000088600
|
| 040 |
|
|
|a SNKBUCL
|b slo
|c SNKBUCL
|e AACR2
|
| 041 |
0 |
|
|a slo
|
| 044 |
|
|
|a xo
|c SK
|
| 080 |
|
|
|a 657.4:658.843:657.11
|2 UDC-MRF-SK2
|
| 080 |
|
|
|a 658.843
|2 UDC-MRF-SK2
|
| 080 |
|
|
|a 658.91
|2 UDC-MRF-SK2
|
| 080 |
|
|
|a 339.187.62
|2 UDC-MRF-SK2
|
| 080 |
|
|
|a 657.11
|2 UDC-MRF-SK2
|
| 100 |
1 |
|
|a Ninčáková, Božena
|4 aut
|9 193866
|
| 245 |
1 |
0 |
|a Účtovanie lízingu v jednoduchom účtovníctve
|c Božena Ninčáková
|
| 650 |
0 |
7 |
|a účtovníctvo jednoduché
|x lízing
|x účtovanie
|2 snkbucl
|9 851080
|
| 650 |
0 |
7 |
|a lízing
|2 snkbucl
|9 857
|
| 655 |
|
7 |
|a články z novín a časopisov
|2 snkbucl
|9 267496
|
| 773 |
0 |
|
|x 1335-0897
|t Daňový a účtovný poradca podnikateľa
|g Č. 14 (2000), s. 26-28
|
| 850 |
|
|
|a Slovenská národná knižnica v Martine
|
| 852 |
|
|
|a SNK
|b KIS3GCP
|
| 958 |
|
|
|a RBX
|
| 999 |
|
|
|c 1443530
|d 1445460
|